000 01817nam a22004937a 4500
001 11940392
003 OSt
005 20210420073422.0
008 000314s2000 nyu 001 0 eng
010 _a 00029411
020 _a0374185522 (alk. paper)
040 _aeng
_cDLC
_deng
041 _aeng
042 _apcc
043 _an-us---
050 0 0 _aHF1359
_b.F74 2000b
080 _a65
_bF-92
082 0 0 _a337
_221
100 1 _aFriedman, Thomas L.
245 1 4 _aThe Lexus and the olive tree /
_cThomas L. Friedman.
250 _aRev. ed.
260 _aNew York :
_bFarrar, Straus, Giroux,
_c2000.
300 _axxi, 469 p. ;
_c24 cm.
500 _aIncludes index.
650 0 _aInternational economic relations.
650 0 _aFree trade.
650 0 _aBusiness
_9323
650 0 _aCapitalism
_xSocial aspects.
650 0 _aTechnological innovations
_xEconomic aspects.
650 0 _aTechnological innovations
_xSocial aspects.
650 0 _aIntercultural communication.
650 0 _aGlobalization.
651 0 _aUnited States
_xForeign economic relations.
653 _aბიზნესი
653 _aთავისუფალი ვაჭრობა
653 _aსაერთაშორისო ეკონომიკა
653 _aტექნოლოგიური ინოვაციები
653 _aკაპიტალიზმი
856 4 2 _3Contributor biographical information
_uhttp://www.loc.gov/catdir/bios/hol054/00029411.html
856 4 2 _3Publisher description
_uhttp://www.loc.gov/catdir/description/hol042/00029411.html
906 _a7
_bcbc
_corignew
_d1
_eocip
_f20
_gy-gencatlg
942 _2udc
_cBK
_eRev.Ed
999 _c530
_d530